Estructura de las ideologías políticas / (Registro nro. 5138)

Detalles MARC
000 -LEADER
fixed length control field 00903nam a2200205Ia 4500
003 - CONTROL NUMBER IDENTIFIER
control field OSt
005 - DATE AND TIME OF LATEST TRANSACTION
control field 20200328111027.0
008 - FIXED-LENGTH DATA ELEMENTS--GENERAL INFORMATION
fixed length control field 191128s1979 ck gr 000 0 spa d
040 ## - CATALOGING SOURCE
Original cataloging agency CO-JMCR
Transcribing agency CO-JMCR
041 0# - LANGUAGE CODE
Language code of text/sound track or separate title spa
082 04 - DEWEY DECIMAL CLASSIFICATION NUMBER
Classification number 320.5 /
Item number G652e
Edition number 21
100 1# - MAIN ENTRY--PERSONAL NAME
Personal name Gómez Duque, Luis Fernando,
Relator term autor
9 (RLIN) 2075
245 10 - TITLE STATEMENT
Title Estructura de las ideologías políticas /
Statement of responsibility, etc. Luis Fernando Gómez Duque
260 ## - PUBLICATION, DISTRIBUTION, ETC.
Place of publication, distribution, etc. Bogotá :
Name of publisher, distributor, etc. Universidad Externado de Colombia,
Date of publication, distribution, etc. 1979
300 ## - PHYSICAL DESCRIPTION
Extent ix, 237 páginas ;
Dimensions 24 cm.
504 ## - BIBLIOGRAPHY, ETC. NOTE
Bibliography, etc. note Bibliografía: páginas 235-237
505 0# - FORMATTED CONTENTS NOTE
Formatted contents note Estructura de la ideología política liberal -- Pluralismo y funcionalismo en la estructura de la ideología del capitalismo neoliberal -- Estructura de la teoría de la dependencia -- Estructura de la ideología política conservadora -- Estructura de la ideo
650 ## - SUBJECT ADDED ENTRY--TOPICAL TERM
Topical term or geographic name entry element Ciencia política
General subdivision ideología
9 (RLIN) 2076
942 ## - ADDED ENTRY ELEMENTS (KOHA)
Source of classification or shelving scheme Dewey Decimal Classification
Koha item type Books
Existencias
Withdrawn status Lost status Source of classification or shelving scheme Damaged status Not for loan Collection code Home library Current library Date acquired Source of acquisition Cost, normal purchase price Total Checkouts Full call number Barcode Date last seen Date last checked out Copy number Koha item type
    Dewey Decimal Classification     Non-fiction Biblioteca Pública José María del Castillo y Rada Biblioteca Pública José María del Castillo y Rada 04/15/2018 Donación 0.00 1 320.5 / G652e 201811428 02/23/2026 02/23/2026 Ej.1 Books